Statistics for NBA Individual Records Broken 2020-21 Season and Postseason

Click here to take the quiz!

General Stats

  • This quiz has been taken 58 times
    (47 since last reset)
  • The average score is 12 of 24

Answer Stats

Answer% Correct
LeBron James
98%
Stephen Curry
98%
Russell Westbrook
93%
Nikola Jokić
90%
Kevin Durant
79%
James Harden
74%
Chris Paul
71%
Giannis Antetokounmpo
67%
Carmelo Anthony
60%
Trae Young
55%
Khris Middleton
52%
Devin Booker
50%
Jrue Holiday
48%
Damian Lillard
43%
Deandre Ayton
33%
Duncan Robinson
31%
Jimmy Butler
31%
LaMelo Ball
31%
Donovan Mitchell
26%
Bam Adebayo
17%
T. J. McConnell
17%
Dennis Smith Jr.
14%
Clint Capela
10%
Mason Plumlee
5%

Score Distribution

Percentile by Number Answered

Percent of People with Each Score

Your Score History

You have not taken this quiz since the last reset